| 000 | 00389 a2200169 4500 | ||
|---|---|---|---|
| 001 | 69807 | ||
| 020 | _a8576666189 | ||
| 040 | _cAnchieta - Itaigara | ||
| 100 | _aÍndigo | ||
| 240 | 1 | 0 |
_aO segredo do vô Juvêncio _lpor |
| 245 | 1 | 0 | _aO segredo do vô Juvêncio |
| 300 | _a112 | ||
| 362 | 0 | _a2006 | |
| 440 | 1 | _aEscala Educacional | |
| 650 | 4 | _aLiteratura infanto-juvenil | |
| 942 | _cBK | ||
| 999 |
_c69807 _d69807 |
||